书目信息 |
| 题名: |
焦土
|
|
| 作者: | 卡雷尔 著 ;小小冰人 译 | |
| 分册: | ||
| 出版信息: | 北京 台海出版社 2018 |
|
| 页数: | 592页 | |
| 开本: | 23cm | |
| 丛书名: | 指文东线文库 | |
| 单 册: | ||
| 中图分类: | K512.54 | |
| 科图分类: | ||
| 主题词: | 苏联卫国战争 (1941-1945)--su lian wei guo zhan zheng (1941-1945)--史料 | |
| 电子资源: | ||
| ISBN: | 978-7-5168-2027-8 | |
| 000 | 01407nam 2200301 450 | |
| 001 | 012001008242 | |
| 005 | 20131022132044.0 | |
| 010 | @a978-7-5168-2027-8@dCNY169.80 | |
| 099 | @aCAL 012018127307 | |
| 100 | @a20180905d2018 em y0chiy50 ea | |
| 101 | 1 | @achi@cger |
| 102 | @aCN@b110000 | |
| 105 | @abk z 000yy | |
| 106 | @ar | |
| 200 | 1 | @a焦土@Ajiao tu@d= Scorched earth@e1943-1944年的苏德战争@f(德) 保罗·卡雷尔著@g小小冰人译@zeng |
| 210 | @a北京@c台海出版社@d2018 | |
| 215 | @a592页@c地图@d23cm | |
| 225 | 2 | @a指文东线文库@Azhi wen dong xian wen ku@v002 |
| 330 | @a本书从库尔斯克战役开始, 先后讲述了列宁格勒围攻站、第四次哈尔科夫战役、战败前的大撤退行动, 以及纳粹德国的败亡。全景式地描绘了一幅幅生动的战争画面: 既有高层将领的运筹帷幄, 也有下级将士的浴血奋战, 这两方面的结合构成了有血有肉的历史传奇。书中也不乏一些细节性描述, 例如地雷犬的出现、弗拉索夫的被俘、蓝色行动的泄密、对阿斯特拉罕的侦察等等, 即便对东线战事了如指掌的读者, 也能从书中获得新的收益。 | |
| 410 | 0 | @12001 @a指文东线文库@v002 |
| 510 | 1 | @aScorched earth@zeng |
| 517 | 1 | @a1943-1944年的苏德战争@A1943-1944 nian de su de zhan zheng |
| 606 | 0 | @a苏联卫国战争 (1941-1945)@Asu lian wei guo zhan zheng (1941-1945)@x史料 |
| 690 | @aK512.54@v5 | |
| 701 | 1 | @a卡雷尔@Aka lei er@g(Carell, Paul)@4著 |
| 702 | 0 | @a小小冰人@Axiao xiao bing ren@4译 |
| 801 | 0 | @aCN@b上海新华@c20191020 |
| 905 | @b1178166-7@dK512.54@e57@f2 | |
| 焦土= Scorched earth:1943-1944年的苏德战争/(德) 保罗·卡雷尔著/小小冰人译.-北京:台海出版社,2018 |
| 592页:地图;23cm.-(指文东线文库;002) |
| ISBN 978-7-5168-2027-8:CNY169.80 |
| 本书从库尔斯克战役开始, 先后讲述了列宁格勒围攻站、第四次哈尔科夫战役、战败前的大撤退行动, 以及纳粹德国的败亡。全景式地描绘了一幅幅生动的战争画面: 既有高层将领的运筹帷幄, 也有下级将士的浴血奋战, 这两方面的结合构成了有血有肉的历史传奇。书中也不乏一些细节性描述, 例如地雷犬的出现、弗拉索夫的被俘、蓝色行动的泄密、对阿斯特拉罕的侦察等等, 即便对东线战事了如指掌的读者, 也能从书中获得新的收益。 |
| ● |
| 相关链接 |
|
|
|
|
正题名:焦土
索取号:K512.54/57
 
预约/预借
| 序号 | 登录号 | 条形码 | 馆藏地/架位号 | 状态 | 备注 |
| 1 | 1178166 | 211781669 | 第二样本阅览室/ [索取号:K512.54/57] | 在馆 | |
| 2 | 1178167 | 211781678 | 第二借阅区/ [索取号:K512.54/57] | 在馆 |